000 00633nam a2200193 i 4500
001 71085
003 ES-MaACL
005 20230906171020.0
007 t|
008 040805s1927 sp ||||1| spa d
100 1 _aGattermann, L.
_955969
245 1 0 _aPrácticas de Química Orgánica /
_cL. Gattermann ; versión española por A. García Banús.
250 _a20ª ed., corr. y aum.
_bpor Enrique Wieland.
260 _aBarcelona :
_b[s.n.,
_c1927] (
_fClarasó)
300 _aXVI, 416 p. ;
_c24 cm.
700 1 _aGarcía Banús, Antonio.
_954218
700 1 _aWieland, Enrique.
_9116763
852 _aES-MaACL
_jF-15217
_bR.18872
999 _c71085
_d71085